000 00558nam a2200181 i 4500
001 39028
003 ES-MaACL
005 20230906155857.0
007 t|
008 030227s1949 sp ||||1| spa d
100 1 _aBusse, Ludwig.
_932857
245 1 0 _aConcepción del universo según los grandes filósoficos modernos /
_cLudwig Busse ; traducción de Juan Crexells.
250 _a4ª ed., rev.
260 _aBarcelona, etc. :
_bLabor,
_c[1949] (
_fGalve)
300 _a197 p. ;
_c19 cm.
700 1 _aCrexells, Juan.
_941588
852 _aES-MaACL
_jC-56402
999 _c39028
_d39028